000 00264nam a22001217a 4500
008 170525b xxu||||| |||| 00| 0 eng d
041 _ager
080 _a62
100 _a26
101 _aFICH
245 _aINFORMATIONS SPEICHERUNG
_cFICHTNER,N
942 _2udc
_cBK
999 _c14219
_d14219